Experiments and demonstrations in physics / (Record no. 219432)

000 -LEADER
fixed length control field 01361cam a22003617a 4500
001 - CONTROL NUMBER
control field 14920381
003 - CONTROL NUMBER IDENTIFIER
control field Nust
005 - DATE AND TIME OF LATEST TRANSACTION
control field 20180118110450.0
008 - FIXED-LENGTH DATA ELEMENTS--GENERAL INFORMATION
fixed length control field 070709s2007 njua b 001 0 eng d
010 ## - LIBRARY OF CONGRESS CONTROL NUMBER
LC control number 2007298117
020 ## - INTERNATIONAL STANDARD BOOK NUMBER
International Standard Book Number 9812566023 (hardcover)
020 ## - INTERNATIONAL STANDARD BOOK NUMBER
International Standard Book Number 9789812566027 (hardcover)
020 ## - INTERNATIONAL STANDARD BOOK NUMBER
International Standard Book Number 9812705384 (pbk.)
020 ## - INTERNATIONAL STANDARD BOOK NUMBER
International Standard Book Number 9789812705389 (pbk.)
035 ## - SYSTEM CONTROL NUMBER
System control number (OCoLC)ocn123128798
035 ## - SYSTEM CONTROL NUMBER
System control number (OCoLC)123128798
040 ## - CATALOGING SOURCE
Transcribing agency Nust
050 00 - LIBRARY OF CONGRESS CALL NUMBER
Classification number QC33
Item number .K68 2007
082 00 - DEWEY DECIMAL CLASSIFICATION NUMBER
Classification number 530.078 KRA
Edition number 22
100 1# - MAIN ENTRY--PERSONAL NAME
Personal name Kraftmakher, I︠A︡. A.
245 10 - TITLE STATEMENT
Title Experiments and demonstrations in physics /
Statement of responsibility, etc. Yaakov Kraftmakher.
260 ## - PUBLICATION, DISTRIBUTION, ETC.
Place of publication, distribution, etc. Hackensack, N.J. :
Name of publisher, distributor, etc. World Scientific,
Date of publication, distribution, etc. c2007.
300 ## - PHYSICAL DESCRIPTION
Extent x, 533 p. :
Other physical details ill. ;
Dimensions 24 cm.
440 #0 - SERIES STATEMENT/ADDED ENTRY--TITLE
Title Bar-Ilan physics laboratory
504 ## - BIBLIOGRAPHY, ETC. NOTE
Bibliography, etc. note Includes bibliographical references (p. 499-528) and index.
650 #0 - SUBJECT ADDED ENTRY--TOPICAL TERM
Topical term or geographic name entry element Physics
General subdivision Experiments.
650 #0 - SUBJECT ADDED ENTRY--TOPICAL TERM
Topical term or geographic name entry element Physics
General subdivision Computer-assisted instruction.
856 41 - ELECTRONIC LOCATION AND ACCESS
Materials specified Table of contents only
Uniform Resource Identifier <a href="http://www.loc.gov/catdir/toc/fy0715/2007298117.html">http://www.loc.gov/catdir/toc/fy0715/2007298117.html</a>
906 ## - LOCAL DATA ELEMENT F, LDF (RLIN)
a 7
b cbc
c copycat
d 2
e ncip
f 20
g y-gencatlg
942 ## - ADDED ENTRY ELEMENTS (KOHA)
Source of classification or shelving scheme
Koha item type Book
Holdings
Withdrawn status Lost status Source of classification or shelving scheme Damaged status Not for loan Permanent Location Current Location Shelving location Date acquired Total Checkouts Full call number Barcode Date last seen Price effective from Koha item type
          School of Natural Sciences (SNS) School of Natural Sciences (SNS) Book Cart 02/07/2017   530.078 KRA SNS0002292 02/07/2017 02/07/2017 Book
© 2023 Central Library, National University of Sciences and Technology. All Rights Reserved.